=LDR 00000nam 2200000 4500 =001 INLIS000000000040192 =005 20130612145753 =008 ***********************************Ind** =035 ##$$0010-061300000040192 =041 ##$$a Ind =082 ##$$a 345.002 =090 ##$$a 345.002 =100 ##$$a Schaffmeister =245 ##$$a Kekhawatiran masa kini, Mengenai hukum pidana lingkungan dalam teori =260 ##$$a 1994 $b Basndung =300 ##$$a xv,528 hlm., 22 cm =650 ##$$a Hukum Pidana =850 ##$$a NBPNMAT